| 000 | 00418nam a2200133Ia 4500 | ||
|---|---|---|---|
| 005 | 20260328101440.0 | ||
| 008 | 260328s9999||||xx |||||||||||||| ||und|| | ||
| 100 | _aRorimer, James J. | ||
| 245 | 4 |
_aThe Cloisters : _b The Building and The Collection of Medieval Art in Fort Tryon Park / _cJames J. Rorimer |
|
| 260 | _bThe Metropolitan Museum of Art | ||
| 300 | _a158 p. | ||
| 650 | _aARQUITECTURA RELIGIOSA | ||
| 942 | _cBK | ||
| 999 |
_c8218 _d8218 |
||